Mechanical and electrical systems in architecture, engineering, and construction / (Record no. 607797)
[ view plain ]
| 000 -LEADER | |
|---|---|
| fixed length control field | 01395cam a2200337 a 4500 |
| 001 - CONTROL NUMBER | |
| control field | 15560265 |
| 003 - CONTROL NUMBER IDENTIFIER | |
| control field | OSt |
| 005 - DATE AND TIME OF LATEST TRANSACTION | |
| control field | 20240216091135.0 |
| 008 - FIXED-LENGTH DATA ELEMENTS--GENERAL INFORMATION | |
| fixed length control field | 081217s2010 njua 001 0 eng |
| 010 ## - LIBRARY OF CONGRESS CONTROL NUMBER | |
| LC control number | 2008053804 |
| 020 ## - INTERNATIONAL STANDARD BOOK NUMBER | |
| International Standard Book Number | 9780135000045 |
| 020 ## - INTERNATIONAL STANDARD BOOK NUMBER | |
| International Standard Book Number | 0135000041 |
| 035 ## - SYSTEM CONTROL NUMBER | |
| System control number | (OCoLC)ocn268789437 |
| 040 ## - CATALOGING SOURCE | |
| Original cataloging agency | DLC |
| Transcribing agency | DLC |
| Modifying agency | YDX |
| -- | BTCTA |
| -- | YDXCP |
| -- | DLC |
| 050 00 - LIBRARY OF CONGRESS CALL NUMBER | |
| Classification number | TH6010 |
| Item number | .D33 2010 |
| 082 00 - DEWEY DECIMAL CLASSIFICATION NUMBER | |
| Classification number | 696 |
| Edition number | 22 |
| Author Mark | WUJ |
| 100 1# - MAIN ENTRY--PERSONAL NAME | |
| Personal name | Wujek, Joseph B. |
| 9 (RLIN) | 120603 |
| 245 10 - TITLE STATEMENT | |
| Title | Mechanical and electrical systems in architecture, engineering, and construction / |
| Statement of responsibility, etc. | Joseph B. Wujek, Frank R. Dagostino. |
| 250 ## - EDITION STATEMENT | |
| Edition statement | 5th ed. |
| 260 ## - PUBLICATION, DISTRIBUTION, ETC. | |
| Place of publication, distribution, etc. | Upper Saddle River, N.J. : |
| Name of publisher, distributor, etc. | Prentice Hall, |
| Date of publication, distribution, etc. | c2010. |
| 300 ## - PHYSICAL DESCRIPTION | |
| Extent | xviii, 942 p. : |
| Other physical details | ill. ; |
| Dimensions | 29 cm. |
| 500 ## - GENERAL NOTE | |
| General note | Rev. ed. of Mechanical and electrical systems in construction and architecture / Frank Dagostino, Joseph B. Wujek. |
| 500 ## - GENERAL NOTE | |
| General note | Includes index. |
| 650 #0 - SUBJECT ADDED ENTRY--TOPICAL TERM | |
| Topical term or geographic name entry element | Buildings |
| General subdivision | Mechanical equipment. |
| 9 (RLIN) | 9314 |
| 650 #0 - SUBJECT ADDED ENTRY--TOPICAL TERM | |
| Topical term or geographic name entry element | Buildings |
| General subdivision | Electric equipment. |
| 9 (RLIN) | 9315 |
| 700 1# - ADDED ENTRY--PERSONAL NAME | |
| Personal name | Dagostino, Frank R. |
| 9 (RLIN) | 22899 |
| 700 1# - ADDED ENTRY--PERSONAL NAME | |
| Personal name | Dagostino, Frank R. |
| Title of a work | Mechanical and electrical systems in construction and architecture. |
| 9 (RLIN) | 120604 |
| 906 ## - LOCAL DATA ELEMENT F, LDF (RLIN) | |
| a | 7 |
| b | cbc |
| c | orignew |
| d | 1 |
| e | ecip |
| f | 20 |
| g | y-gencatlg |
| 942 ## - ADDED ENTRY ELEMENTS (KOHA) | |
| Source of classification or shelving scheme | |
| Koha item type | Book |
| Institution code [OBSOLETE] | SADA |
| Call number prefix | 696 WUJ 2010 |
| Withdrawn status | Lost status | Source of classification or shelving scheme | Damaged status | Not for loan | Permanent Location | Current Location | Date acquired | Source of acquisition | Total Checkouts | Full call number | Barcode | Date last seen | Cost, replacement price | Price effective from | Koha item type |
|---|---|---|---|---|---|---|---|---|---|---|---|---|---|---|---|
| School of Art Design and Architecture (SADA) | School of Art Design and Architecture (SADA) | 05/16/2017 | Progressive internal | 696 WUJ 2010 | SADA0002718 | 02/16/2024 | 18589.19 | 02/16/2024 | Book |
